ՀՀ Գիտությունների ազգային ակադեմիայի հիմնարար գիտական գրադարան  =   Fundamental Scientific Library of NAS RA
Normal view MARC view

Entry Personal Name

Number of records used in: 4

001 - CONTROL NUMBER

  • control field: 3446

003 - CONTROL NUMBER IDENTIFIER

  • control field: AM-YEHGA

005 - DATE AND TIME OF LATEST TRANSACTION

  • control field: 20250617070444.0

008 - FIXED-LENGTH DATA ELEMENTS

  • fixed length control field: 080215 a|ac|n|aab||||||||||||a |n|||||||

040 ## - CATALOGING SOURCE

  • Original cataloging agency: AM-YEHGA

100 1# - HEADING--PERSONAL NAME

  • Personal name: Կարապետյան, Մուրադ Լևոնի,
  • Dates associated with a name: 1965-

400 1# - SEE FROM TRACING--PERSONAL NAME

  • Personal name: Карапетян, Мурад Левонович,
  • Dates associated with a name: 1965-

400 1# - SEE FROM TRACING--PERSONAL NAME

  • Personal name: Karapetyan, Murad Levoni,
  • Dates associated with a name: 1965-

670 ## - SOURCE DATA FOUND

  • Source citation: Ով ով է. հայեր (կենսագրական հանրագիտարան), 2005 :
  • Information found: Կարապետյան Մուրադ Լևոնի (ծ. 3.7.1965, Երևան), պատմաբան: Պատմ. գիտ. դ-ր (1990):

670 ## - SOURCE DATA FOUND

  • Source citation: Հայկական կամավորական խմբերը և ազգային գումարտակները Կովկասյան ռազմաճակատում (1914-1917 թթ.) = Армянские добровольческие дружины и национальные батальоны на Кавказском фронте (1914-1917), 1999 :
  • Information found: տիտղթ. (Մուրադ Լևոնի Կարապետյան)

670 ## - SOURCE DATA FOUND

  • Source citation: Первый военный министр Первой Республики Армения: Генерал-лейтенант Ованес Ахвердян, 2003 :
  • Information found: т.л. (Мурад Левонович Карапетян)


ՀՀ ԳԱԱ հիմնարար գիտական գրադարան
ՀՀ,Երևան 0019
Մարշալ Բաղրամյան 24/6
հեռախոս:(374-10) 52-47-50
Հետադարձ կապ

All site content, except where otherwise noted, is licensed under a
Creative Commons License